Countries by Bordering Capitals - Statistics

General Stats
  • This quiz has been taken 56 times
  • The average score is 18 of 20
Answer Stats
Bordering Capitals Country % Correct
Ashgabat, Beijing, Dushanbe, Islamabad, Tashkent, Tehran Afghanistan
100%
Athens, Podgorica, Pristina, Skopje Albania
100%
Madrid, Paris Andorra
100%
Asuncion, Brasilia, La Paz/Sucre, Montevideo, Santiago Argentina
100%
Ankara, Baku, Tbilisi, Tehran Armenia
100%
Berlin, Bern, Bratislava, Budapest, Ljubljana, Prague, Rome, Vaduz Austria
100%
Ankara, Moscow, Tbilisi, Tehran, Yerevan Azerbaijan
100%
Naypyidaw, New Delhi Bangladesh
100%
Guatemala City, Mexico City Belize
100%
Beijing, New Delhi Bhutan | Nepal
100%
Asuncion, Brasilia, Buenos Aires, Lima, Santiago Bolivia
100%
Bloemfontein/Cape Town/Pretoria, Harare, Lusaka, Windhoek Botswana
100%
Bangkok, Hanoi, Vientiane Cambodia
100%
Abuja, Bangui, Brazzaville, Libreville, Malabo, N'Djamena, Cameroon
100%
Washington D.C. Canada
100%
Buenos Aires, La Paz/Sucre, Lima Chile
100%
Brasilia, Caracas, Lima, Panama City, Quito Colombia
100%
Managua, Panama City Costa Rica
100%
Berlin, Bratislava, Vienna, Warsaw Czech Republic
100%
Port-au-Prince Dominican Republic
100%
Jakarta East Timor | Papua New Guinea
100%
Bogota, Lima Ecuador
100%
Guatemala City, Tegucigalpa El Salvador
100%
Addis Ababa, Djibouti, Khartoum, Eritrea
100%
Moscow, Riga Estonia
100%
Asmara, Djibouti, Juba, Khartoum, Mogadishu, Nairobi Ethiopia
100%
Moscow, Oslo, Stockholm Finland
100%
Andorra la Vella, Berlin, Bern, Brasilia, Brussels, Luxembourg, Madrid, Monaco, Paramaribo, Rome France
100%
Ankara, Baku, Moscow, Yerevan Georgia
100%
Amsterdam, Bern, Brussels, Copenhagen, Luxembourg, Paris, Prague, Vienna, Warsaw Germany
100%
Ankara, Skopje, Sofia, Tirana, Greece
100%
Belmopan, Mexico City, San Salvador, Tegucigalpa Guatemala
100%
Guatemala City, Managua, San Salvador Honduras
100%
Beijing, Dhaka, Islamabad, Kathmandu, Naypyidaw, Thimphu India
100%
Dili, Kuala Lumpur, Port Moresby Indonesia
100%
Amman, Ankara, Damascus, Kuwait City, Riyadh, Tehran, Iraq
100%
London Ireland
100%
Bern, Ljubljana, Paris, San Marino, Vatican City, Vienna Italy
100%
Baghdad, Damascus, Jerusalem, Riyadh Jordan
100%
Ashgabat, Beijing, Bishkek, Moscow, Tashkent Kazakhstan
100%
Addis Ababa, Dodoma, Juba, Kampala, Mogadishu Kenya
100%
Belgrade, Podgorica, Skopje, Tirana Kosovo
100%
Baghdad, Riyadh Kuwait
100%
Astana, Beijing, Dushanbe, Tashkent Kyrgyzstan
100%
Bangkok, Beijng, Hanoi, Naypyidaw, Phnom Penh Laos
100%
Minsk, Moscow, Tallinn, Vilnius Latvia
100%
Bloemfontein/Cape Town/Pretoria Lesotho
100%
Bern, Vienna Liechtenstein
100%
Minsk, Moscow, Riga, Warsaw Lithuania
100%
Berlin, Brussels, Paris Luxembourg
100%
Bandar Seri Begawan, Bangkok, Jakarta Malaysia
100%
Algiers, Conakry, Dakar, Niamey, Nouakchott, Ouagadougou, Yamoussoukro Mali
100%
Belmopan, Guatemala City, Washington D.C. Mexico
100%
Beijing, Moscow Mongolia
100%
Belgrade, Pristina, Sarajevo, Tirana, Zagreb Montenegro
100%
Algiers, Madrid, Nouakchott Morocco
100%
Bloemfontein/Cape Town/Pretoria, Dodoma, Harare, Lilongwe, Lusaka, Mbabane Mozambique
100%
San Jose, Tegucigalpa Nicaragua
100%
Beijing, Moscow, Seoul North Korea
100%
Athens, Belgrade, Pristina, Sofia, Tirana North Macedonia
100%
Helsinki, Moscow, Stockholm Norway
100%
Abu Dhabi, Riyadh, Sana'a Oman
100%
Beijing, Kabul, New Delhi, Tehran Pakistan
100%
Brasilia, Buenos Aires, La Paz/Sucre Paraguay
100%
Berlin, Bratislava, Kyiv, Minsk, Moscow, Prague, Vilnius Poland
100%
Madrid Portugal
100%
Astana, Baku, Beijing, Helsinki, Kyiv, Minsk, Oslo, Pyongyang, Riga, Tallinn, Tbilisi, Ulaanbaatar, Vilnius, Warsaw Russia
100%
Rome San Marino | Vatican City
100%
Abu Dhabi, Amman, Baghdad, Doha, Kuwait City, Muscat, Sana'a Saudi Arabia
100%
Bamako, Banjul, Bissau, Conakry, Nouakchott Senegal
100%
Bucharest, Budapest, Podgorica, Pristina, Sarajevo, Skopje, Sofia, Zagreb Serbia
100%
Budapest, Kyiv, Prague, Vienna, Warsaw Slovakia
100%
Budapest, Rome, Vienna, Zagreb Slovenia
100%
Pyongyang South Korea
100%
Andorra la Vella, Lisbon, London, Paris, Rabat Spain
100%
Brasilia, Georgetown, Paris Suriname
100%
Helsinki, Oslo Sweden
100%
Berlin, Paris, Rome, Vaduz, Vienna Switzerland
100%
Amman, Ankara, Baghdad, Beirut, Jerusalem Syria
100%
Beijing, Bishkek, Kabul, Tashkent Tajikistan
100%
Kuala Lumpur, Naypyidaw, Phnom Penh, Vientiane Thailand
100%
Algiers, Tripoli Tunisia
100%
Athens, Baghdad, Baku, Damascus, Sofia, Tbilisi, Tehran, Yerevan Turkey
100%
Bratislava, Bucharest, Budapest, Chisinau, Minsk, Moscow, Warsaw Ukraine
100%
Mexico City, Ottawa United States
100%
Brasilia, Buenos Aires Uruguay
100%
Ashgabat, Astana, Bishkek, Dushanbe, Kabul Uzbekistan
100%
Bogota, Brasilia, Georgetown Venezuela
100%
Dodoma, Gaborone, Harare, Kinshasa, Lilongwe, Luanda, Maputo, Windhoek Zambia
100%
Bloemfontein/Cape Town/Pretoria, Gaborone, Lusaka, Maputo Zimbabwe
100%
Addis Ababa, Bangui, Kampala, Khartoum, Kinshasa, Nairobi South Sudan
93%
Ankara, Athens, Belgrade, Bucharest, Podgorica Bulgaria
91%
Astana, Bishkek, Dushanbe, Hanoi, Islamabad, Kabul, Kathmandu, Moscow, Naypyidaw, New Delhi, Pyongyang, Thimphu, Ulaanbaatar, Vientiane China
88%
Dakar Gambia
88%
Dublin, Madrid United Kingdom
88%
Caracas, Asuncion, Bogota, Buenos Aires, Georgetown, La Paz/Sucre, Lima, Montevideo, Paramaribo, Paris Brazil
86%
Berlin Denmark
86%
Ankara, Ashgabat, Baghdad, Baku, Islamabad, Kabul, Yerevan Iran
86%
Bangkok, Beijing, Dhaka, New Delhi, Vientiane Myanmar
86%
Bogota, San Jose Panama
86%
Muscat, Riyadh United Arab Emirates | Yemen
86%
Kyiv, Moscow, Riga, Vilnius, Warsaw Belarus
83%
Belgrade, Podgorica, Zagreb Bosnia and Herzegovina
83%
Dodoma, Kigali, Kinshasa Burundi
83%
Bloemfontein/Cape Town/Pretoria, Maputo Eswatini
83%
Bamako, Bissau, Dakar, Freetown, Monrovia, Yamoussoukro Guinea
83%
Amman, Beirut, Cairo, Damascus Israel
83%
Conakry, Freetown, Yamoussoukro Liberia
83%
Algiers, Bamako, Dakar, Rabat Mauritania
83%
Bucharest, Kyiv Moldova
83%
Abuja, Algiers, Bamako, Cotonou/Porto-Novo, N'Djamena, Ouagadougou, Tripoli Niger
83%
Bogota, Brasilia, La Paz/Sucre, Quito, Santiago Peru
83%
Conakry, Monrovia Sierra Leone
83%
Gitega, Kampala, Kigali, Kinshasa, Lilongwe, Lusaka, Maputo, Nairobi Tanzania
83%
Beijing, Phnom Penh, Vientiane Vietnam
83%
Amsterdam, Berlin, Luxembourg, Paris Belgium
80%
Jerusalem, Khartoum, Tripoli Egypt
80%
Libreville, Yaounde Equatorial Guinea
80%
Belgrade, Bratislava, Bucharest, Kyiv, Ljubljana, Vienna, Zagreb Hungary
80%
Riyadh Qatar
80%
Bangui, Kinshasa, Libreville, Luanda, Yaounde Republic of the Congo
80%
Bamako, Niamey, Nouakchott, Rabat, Tripoli, Tunis Algeria
75%
Berlin, Brussels Netherlands
75%
Dodoma, Gitega, Juba, Kinshasa, Nairobi Uganda
75%
Gaborone, Harare, Maputo, Maseru, Mbabane, Windhoek South Africa
73%
Lome, Ouagadougou, Yamoussoukro Ghana
71%
Baghdad, Jerusalem Lebanon
71%
Brazzaville, Juba, Khartoum, Kinshasa, N'Djamena, Yaounde Central African Republic
70%
Brazzaville, Malabo, Yaounde Gabon
70%
Kuala Lumpur Brunei
67%
Accra, Bamako, Cotonou/Porto-Novo, Niamey, Lome, Yamoussoukro Burkina Faso
67%
Bangui, Brazzaville, Dodoma, Gitega, Juba, Kampala, Kigali, Luanda, Lusaka Democratic Republic of the Congo
67%
Addis Ababa, Asmara, Mogadishu Djibouti
67%
Conakry, Dakar Guinea-Bissau
67%
Santo Domingo Haiti
67%
Belgrade, Budapest, Chisinau, Kyiv, Sofia Romania
67%
Addis Ababa, Djibouti, Nairobi Somalia
67%
Astana, Kabul, Tashkent, Tehran Turkmenistan
67%
Accra, Cotonou/Porto-Novo, Ouagadougou Togo
63%
Abuja, Bangui, Khartoum, Niamey, Tripoli, Yaounde Chad
60%
Belgrade, Budapest, Ljubljana, Podgorica, Sarajevo Croatia
60%
Accra, Bamako, Conakry, Monrovia, Ouagadougou Ivory Coast
60%
Cotonou/Porto-Novo, N'Djamena, Niamey, Yamoussoukro Nigeria
60%
Addis Ababa, Asmara, Bangui, Cairo, Juba, N'Djamena, Tripoli Sudan
60%
Bloemfontein/Cape Town/Pretoria, Gaborone, Luanda, Lusaka Namibia
57%
Brazzaville, Kinshasa, Lusaka, Windhoek Angola
50%
Abuja, Lome, Niamey, Ouagadougou Benin
50%
Brasilia, Caracas, Paramaribo Guyana
50%
Gitega, Kampala, Kigali, Kinshasa Rwanda
50%
Algiers, Cairo, Khartoum, N'Djamena, Niamey, Tunis Libya
33%
Paris Monaco
33%
Dodoma, Lusaka, Maputo Malawi
25%
No matching quizzes found
Score Distribution
Percent of People with Each Score
Percentile by Number Answered
Your Score History
You have not taken this quiz